01557nam a22002297a 450000500170000000800410001702000150005804000070007304100120008008200220009210000270011424500320014126000330017330000310020652008330023765000390107065000510110970000290116094200120118999900190120195201070122020220412092746.0220412b ||||| |||| 00| 0 eng d a0140253823 cAL aEnglish 223a324.268bMERN aMartin Meredith929435 aNelson Mandela: a Biography aEnglandbPenguin Booksc1997 aviii,596 p.bPBc20x13 cm. aNelson Mandela stands out as one of the most admired political figures of the twentieth century. It was his leadership and moral courage above all that helped to deliver a peaceful end to apartheid in South Africa after years of racial division and violence and to establish a fledgling democracy there. Martin Meredith's vivid portrayal of this towering leader was originally acclaimed by the Sunday Timesas 'a fitting epitaph to an extraordinary career' and by the Daily Telegraphas 'a compelling account of the whole of Mandela's life'. Meredith's acclaimed biography incorporates a decade of additional perspective and hindsight on the man and his legacy and examines how far his hopes for the new South Africa were realised. Mandelais the most thorough and up-to-date account available of the life of its most revered hero. a Mandela, Nelson, 1918-2013929436 aPresidents -- South Africa -- Biography929437 aMEREDITH (Martin)929438 2ddccGF c222378d222378 00102ddc40708PSaALbALd2013-03-24l0o324.268 MERNpGF02108r2022-04-12 00:00:00w2022-04-12yGF